Spell the Marvel Character #105 - Statistics

General Stats
  • This quiz has been taken 16 times
  • The average score is 6 of 8
Answer Stats
Picture Answer % Correct
Iron Lad
100%
Star-lord
92%
Excalibur
83%
Firebird
83%
Enigma
67%
Finesse
67%
Night Thrasher
67%
Stature
67%
No matching quizzes found
Score Distribution
Percent of People with Each Score
Percentile by Number Answered
Your Score History
You have not taken this quiz